| 000 | 00425nam a22001817a 4500 | ||
|---|---|---|---|
| 003 | NUST - PNEC | ||
| 005 | 20170116180912.0 | ||
| 008 | 150903b xxu||||| |||| 00| 0 eng d | ||
| 020 | _a- | ||
| 040 | _cLIBRARY | ||
| 082 | _a620.11 TIM | ||
| 100 |
_97128 _aTimoshenko, S. |
||
| 245 |
_aTheory of Elasticity _cS. Timoshenko |
||
| 250 | _a2nd ed. | ||
| 260 | _cc.1934 | ||
| 650 |
_97133 _aElasticity _xME |
||
| 942 |
_2ddc _cBK |
||
| 999 |
_c65307 _d65307 |
||